000 00738nam a22002297a 4500
999 _c14556
_d14556
003 AR-CdUCM
008 190423b ||||| |||| 00| 0 spa d
020 _a978-84-9825-841-7
040 _aMUNICIPALIDAD PROVINCIAL DEL CUSCO
_cBIBLIOTECA MUNICIPAL DEL CUSCO
082 _aPI / 376.1 /
_bK79
110 _aCombel
_932671
245 _aLos peque animales al debill /
260 _aBarcelona :
_bCombel,
_c2013.
300 _bilustraciones, graficos, dibujos, armables
_c24 cm.
500 _aCuentos para niƱos titulo original mes bebes animaux a toucher
650 _aCuentos
_9217
650 _aHistorias
_92725
650 _aAnimales
_9917
700 _aMercier, Julie
_933369
942 _2ddc
_cLIBROS
945 _apjha
_d2019-04-23